01338nam a2200325 a 450000100060000000300080000600500170001400800410003102000150007202000220008703500190010904000270012804100080015508200270016310000310019024500690022126000530029030000290034350000200037252002060039265000320059865000570063065000390068765000320072665000280075865000570078694200120084399900170085595201400087262400BD-RjUL20211209081100.0170124s1978 njua j 001 0deng  a013507665X a0135076579 (pbk.) a(BD-RjUL)62526 aDLCcDLCdBD-RjULbeng aeng00a808.0427223bMYI 19781 aMyers, Franklin G.918559610aIt's your life :bautobiographical writing /cFranklin G. Myers. aEnglewood Cliffs, N.J. :bPrentice-Hall,cc1978. a272 p. :bill. ;c25 cm. aIncludes index. aA textbook containing instructions for writing an autobiography and basic language arts skills. Includes excerpts from several types of autobiography covering a range of ages and a variety of cultures. 0aReadersvBiography.9185597 0aEnglish languagexComposition and exercises.9182501 0aAutobiographyxAuthorship.9185598 0aReaders (Secondary)9185599 0aReport writing.9182285 1aEnglish languagexComposition and exercises.9182501 2ddccBK c62400d62400 00102ddc40718NFICaRUCLbRUCLcReadingd1989-08-09eAsia Foundationl0o808.0427 MYI 1978r2017-01-24 00:00:00tC-1w2017-01-24yBK